The flower of May / (Record no. 3063)

MARC details
000 -LEADER
fixed length control field 00971cam a22002411 4500
001 - CONTROL NUMBER
control field 3063
003 - CONTROL NUMBER IDENTIFIER
control field FISKH
005 - DATE AND TIME OF LATEST TRANSACTION
control field 20240201155106.0
008 - FIXED-LENGTH DATA ELEMENTS--GENERAL INFORMATION
fixed length control field 740515s1953 nyu 000 1 eng
010 ## - LIBRARY OF CONGRESS CONTROL NUMBER
LC control number 53007741
035 ## - SYSTEM CONTROL NUMBER
System control number (OCoLC)887370
040 ## - CATALOGING SOURCE
Original cataloging agency DLC
Transcribing agency CtFaU
Modifying agency OCoLC
-- DLC
Language of cataloging eng
050 00 - LIBRARY OF CONGRESS CALL NUMBER
Classification number PZ3.O1344
Item number Fl
082 ## - DEWEY DECIMAL CLASSIFICATION NUMBER
Classification number 823.91
100 1# - MAIN ENTRY--PERSONAL NAME
Personal name O'Brien, Kate,
Dates associated with a name 1897-1974.
245 14 - TITLE STATEMENT
Title The flower of May /
Statement of responsibility, etc. Kate O'Brien
260 ## - PUBLICATION, DISTRIBUTION, ETC.
Place of publication, distribution, etc. London :
Name of publisher, distributor, etc. Reading Book Club,
Date of publication, distribution, etc. 1955
300 ## - PHYSICAL DESCRIPTION
Extent 335 pages :
Dimensions 20 cm
520 ## - SUMMARY, ETC.
Summary, etc. The Flower of May is bestselling Irish author Kate O’Brien’s portrait of a young Irishwoman on the verge of independence set at the turn of the century. Liberated by the death of her mother, Fanny Morrow immerses herself in the politics and culture of Europe, renouncing her strict, Catholic upbringing.
650 ## - SUBJECT ADDED ENTRY--TOPICAL TERM
Topical term or geographic name entry element Historical Fiction
Form subdivision Fiction
General subdivision Ireland
906 ## - LOCAL DATA ELEMENT F, LDF (RLIN)
a 7
b cbc
c oclcrpl
d u
e ncip
f 19
g y-gencatlg
942 ## - ADDED ENTRY ELEMENTS (KOHA)
Source of classification or shelving scheme Dewey Decimal Classification
Koha item type Books
Suppress in OPAC No
Holdings
Withdrawn status Lost status Source of classification or shelving scheme Damaged status Not for loan Collection Home library Current library Shelving location Date acquired Total Checkouts Full call number Barcode Date last seen Price effective from Koha item type
    Dewey Decimal Classification     Fiction Footprints International School Library Network Toul Kork Campus Footprints International School Library Network Toul Kork Campus   02/01/2024   O'BR Fic PZ3.O1344 FIS00910 02/01/2024 02/01/2024 Books